Дело с донесениями попечителя Харьковского учебного округа о прокламациях, разбросанных в Харьковском университете

Доступно только в Электронных читальных залах Найти на картеНа карте
RUSMARC
00003763nmc2a22002413x 450
001c72b2527-f3c4-48c6-9e93-bb2da42d7709
00520211230122128.0
100##$a20211124l18831883k l0rusy0189 ca
1010#$arus
102##$aRU
105##$ay###
1222#$ad
2001#$aДело с донесениями попечителя Харьковского учебного округа о прокламациях, разбросанных в Харьковском университете
$j11 марта - 14 мая 1883 г.
215##$a6 л.
$d36,5х26 см
251##$cДело
300##$aПять бумаг
371##$aДокумент не является опубликованным и широко распространяемым
461#0$1001a74412a3-3cc5-4d21-8f0a-dfe2fbd9e72d
$12001
$aДепартамент народного просвещения Министерства народного просвещения (1803-1917)
$1251
$cФонд
$1852
$j733
462#0$100132cf8616-d9c1-4c42-854c-6b8032b88600
$12001
$aВрачебно-санитарная часть учебных заведений Департамента народного просвещения
$1251
$cОпись
$1852
$j200
$l1883 г.
801#0$aRU
$bРГИА
$c20211124
$gRCR
801#1$aRU
$bГлавНИВЦ
$c20211124
$2rusmarc
801#2$aRU
$bПБ им. Б.Н. Ельцина
$c20211230
$gRCR
$2rusmarc
850##$aРГИА
852##$aРГИА
$eФедеральное казенное учреждение "Российский государственный исторический архив" (РГИА)
$j11
937##$hРГИА
$d12374662
$aASBIBLIO_SCAN
035##$aRusGRCC00036410
856##$uhttp://readingroom.main.prlib.ru/item.aspx?id_node=n172293011&mode=full
Формат отображения